<?xml version="1.0" encoding="UTF-8"?>
<collection xmlns="http://www.loc.gov/MARC21/slim">
 <record>
  <leader>07578nam a22005895i 4500</leader>
  <controlfield tag="001">978-981-16-1092-9</controlfield>
  <controlfield tag="003">DE-He213</controlfield>
  <controlfield tag="005">20210327164929.0</controlfield>
  <controlfield tag="007">cr nn 008mamaa</controlfield>
  <controlfield tag="008">210327s2021    si |    s    |||| 0|eng d</controlfield>
  <datafield tag="020" ind1=" " ind2=" ">
   <subfield code="a">9789811610929</subfield>
   <subfield code="9">978-981-16-1092-9</subfield>
  </datafield>
  <datafield tag="024" ind1="7" ind2=" ">
   <subfield code="a">10.1007/978-981-16-1092-9</subfield>
   <subfield code="2">doi</subfield>
  </datafield>
  <datafield tag="050" ind1=" " ind2="4">
   <subfield code="a">TA1630-1650</subfield>
  </datafield>
  <datafield tag="072" ind1=" " ind2="7">
   <subfield code="a">UYQV</subfield>
   <subfield code="2">bicssc</subfield>
  </datafield>
  <datafield tag="072" ind1=" " ind2="7">
   <subfield code="a">COM016000</subfield>
   <subfield code="2">bisacsh</subfield>
  </datafield>
  <datafield tag="072" ind1=" " ind2="7">
   <subfield code="a">UYQV</subfield>
   <subfield code="2">thema</subfield>
  </datafield>
  <datafield tag="082" ind1="0" ind2="4">
   <subfield code="a">006.6</subfield>
   <subfield code="2">23</subfield>
  </datafield>
  <datafield tag="245" ind1="1" ind2="0">
   <subfield code="a">Computer Vision and Image Processing</subfield>
   <subfield code="h">[electronic resource] :</subfield>
   <subfield code="b">5th International Conference, CVIP 2020, Prayagraj, India, December 4-6, 2020, Revised Selected Papers, Part II /</subfield>
   <subfield code="c">edited by Satish Kumar Singh, Partha Roy, Balasubramanian Raman, P. Nagabhushan.</subfield>
  </datafield>
  <datafield tag="250" ind1=" " ind2=" ">
   <subfield code="a">1st ed. 2021.</subfield>
  </datafield>
  <datafield tag="264" ind1=" " ind2="1">
   <subfield code="a">Singapore :</subfield>
   <subfield code="b">Springer Singapore :</subfield>
   <subfield code="b">Imprint: Springer,</subfield>
   <subfield code="c">2021.</subfield>
  </datafield>
  <datafield tag="300" ind1=" " ind2=" ">
   <subfield code="a">XIV, 559 p. 284 illus., 247 illus. in color.</subfield>
   <subfield code="b">online resource.</subfield>
  </datafield>
  <datafield tag="336" ind1=" " ind2=" ">
   <subfield code="a">text</subfield>
   <subfield code="b">txt</subfield>
   <subfield code="2">rdacontent</subfield>
  </datafield>
  <datafield tag="337" ind1=" " ind2=" ">
   <subfield code="a">computer</subfield>
   <subfield code="b">c</subfield>
   <subfield code="2">rdamedia</subfield>
  </datafield>
  <datafield tag="338" ind1=" " ind2=" ">
   <subfield code="a">online resource</subfield>
   <subfield code="b">cr</subfield>
   <subfield code="2">rdacarrier</subfield>
  </datafield>
  <datafield tag="347" ind1=" " ind2=" ">
   <subfield code="a">text file</subfield>
   <subfield code="b">PDF</subfield>
   <subfield code="2">rda</subfield>
  </datafield>
  <datafield tag="490" ind1="1" ind2=" ">
   <subfield code="a">Communications in Computer and Information Science,</subfield>
   <subfield code="x">1865-0929 ;</subfield>
   <subfield code="v">1377</subfield>
  </datafield>
  <datafield tag="505" ind1="0" ind2=" ">
   <subfield code="a">A Comparative analysis on AI techniques for Grape leaf disease recognition -- Sign language recognition using cluster and chunk-based feature extraction and symbolic representation -- Action Recognition in Haze Using an Efficient Fusion of Spatial and Temporal Features -- Human Action Recognition from 3D Landmark Points of the Performer -- A Combined Wavelet and Variational Mode Decomposition Approach for Denoising Texture Images -- Two-Image Approach to Reflection Removal with Deep Learning -- Visual Question Answering using Deep Learning: A Survey and Performance Analysis -- Image Aesthetic Assessment: A Deep Learning Approach using Class Activation Map -- RingFIR: A large volume earring dataset for fashion image retrieval -- Feature Selection and Feature Manifold for Age Estimation -- Degraded Document Image Binarization using Active Contour Model -- Accelerated Stereo Vision Using Nvidia Jetson and Intel AVX -- A Novel Machine Annotated Balanced Bangla OCR Corpus attention in U-Net -- Generative Adversarial Network for Heritage Image Super Resolution -- Deep Learning Based Image Enhancement and Black Box Filter Parameter Estimation -- Sign Gesture Recognition from Raw Skeleton Information in 3D Using Deep Learning -- Dual Gradient Feature Pair Based Face Recognition for Aging and Pose Changes -- Dynamic User Interface Composition -- Lightweight Photo-realistic Style Transfer for Mobile devices -- Deep learning based lens for mitigating hospital acquired infections -- Cricket Stroke Recognition using Hard and Soft Assignment based Bag of Visual Words -- Multi-lingual Indian Text Detector for Mobile Devices -- Facial Occlusion Detection and Reconstruction using GAN -- Ayurvedic Medicinal Plants Identification: A comparative study on feature extraction methods Images -- Domain Knowledge Embedding based Multimodal Intent Analysis in Artificial Intelligence Camera -- Age and Gender Prediction using Deep CNNs and Transfer Learning -- Text Line Segmentation: A FCN based approach -- Precise Recognition of Vision based Multi-Hand Signs using Deep Single Stage Convolutional Neural Network -- Human Gait Abnormality Detection using Low Cost Sensor Technology -- Bengali Place Name Recognition - Comparative Analysis using Different CNN Architectures -- Verification using Single Sample in Adolescence -- Evaluation of Deep Learning Networks for Keratoconus Detection using Corneal Topographic Images -- Deep Facial Emotion Recognition System under Facial Mask Occlusion -- Domain Adaptation based Technique for Image Emotion Recognition using Image Captions -- Gesture recognition in sign language videos by tracking the position and medial representation of the hand shapes -- DeepDoT: Deep framework for detection of tables in document images -- Correcting Low Illumination Images using PSO-based Gamma Correction and Image -- Classifying Method -- An efficient approach for Skin Lesion Segmentation using Dermoscopic Images: A Deep Learning Approach -- DeblurRL: Image Deblurring with Deep Reinforcement Learning -- FGrade: A large volume dataset for grading tomato freshness quality -- Enhancement of Region of Interest from a Single Backlit Image with Multiple Features -- Real-time Sign Language Interpreter on Embedded Platform -- Complex Gradient Function based Descriptor for Iris Biometrics and Action Recognition -- On-Device Language Identification of Text in Images using Diacritic Characters -- A Pre-Processing Assisted Neural Network for Dynamic Bad Pixel Detection in Bayer Images -- Face Recognition Using Sf3CNN With Higher Feature Discrimination -- Recognition of Online Handwritten Bangla and Devanagari Basic Characters: A Transfer Learning Approach -- Image Solution of Stochastic Differential Equation of Diffusion Type Driven by Brownian Motion.</subfield>
  </datafield>
  <datafield tag="520" ind1=" " ind2=" ">
   <subfield code="a">This three-volume set (CCIS 1367-1368) constitutes the refereed proceedings of the 5th International Conference on Computer Vision and Image Processing, CVIP 2020, held in Prayagraj, India, in December 2020. Due to the COVID-19 pandemic the conference was partially held online. The 134 papers papers were carefully reviewed and selected from 352 submissions. The papers present recent research on such topics as biometrics, forensics, content protection, image enhancement/super-resolution/restoration, motion and tracking, image or video retrieval, image, image/video processing for autonomous vehicles, video scene understanding, human-computer interaction, document image analysis, face, iris, emotion, sign language and gesture recognition, 3D image/video processing, action and event detection/recognition, medical image and video analysis, vision-based human GAIT analysis, remote sensing, and more.</subfield>
  </datafield>
  <datafield tag="650" ind1=" " ind2="0">
   <subfield code="a">Optical data processing.</subfield>
  </datafield>
  <datafield tag="650" ind1=" " ind2="0">
   <subfield code="a">Machine learning.</subfield>
  </datafield>
  <datafield tag="650" ind1=" " ind2="0">
   <subfield code="a">Computer organization.</subfield>
  </datafield>
  <datafield tag="650" ind1=" " ind2="0">
   <subfield code="a">Education—Data processing.</subfield>
  </datafield>
  <datafield tag="650" ind1=" " ind2="0">
   <subfield code="a">Application software.</subfield>
  </datafield>
  <datafield tag="650" ind1="1" ind2="4">
   <subfield code="a">Computer Imaging, Vision, Pattern Recognition and Graphics.</subfield>
   <subfield code="0">https://scigraph.springernature.com/ontologies/product-market-codes/I22005</subfield>
  </datafield>
  <datafield tag="650" ind1="2" ind2="4">
   <subfield code="a">Machine Learning.</subfield>
   <subfield code="0">https://scigraph.springernature.com/ontologies/product-market-codes/I21010</subfield>
  </datafield>
  <datafield tag="650" ind1="2" ind2="4">
   <subfield code="a">Computer Systems Organization and Communication Networks.</subfield>
   <subfield code="0">https://scigraph.springernature.com/ontologies/product-market-codes/I13006</subfield>
  </datafield>
  <datafield tag="650" ind1="2" ind2="4">
   <subfield code="a">Computers and Education.</subfield>
   <subfield code="0">https://scigraph.springernature.com/ontologies/product-market-codes/I24032</subfield>
  </datafield>
  <datafield tag="650" ind1="2" ind2="4">
   <subfield code="a">Computer Applications.</subfield>
   <subfield code="0">https://scigraph.springernature.com/ontologies/product-market-codes/I23001</subfield>
  </datafield>
  <datafield tag="700" ind1="1" ind2=" ">
   <subfield code="a">Singh, Satish Kumar.</subfield>
   <subfield code="e">editor.</subfield>
   <subfield code="4">edt</subfield>
   <subfield code="4">http://id.loc.gov/vocabulary/relators/edt</subfield>
  </datafield>
  <datafield tag="700" ind1="1" ind2=" ">
   <subfield code="a">Roy, Partha.</subfield>
   <subfield code="e">editor.</subfield>
   <subfield code="4">edt</subfield>
   <subfield code="4">http://id.loc.gov/vocabulary/relators/edt</subfield>
  </datafield>
  <datafield tag="700" ind1="1" ind2=" ">
   <subfield code="a">Raman, Balasubramanian.</subfield>
   <subfield code="e">editor.</subfield>
   <subfield code="4">edt</subfield>
   <subfield code="4">http://id.loc.gov/vocabulary/relators/edt</subfield>
  </datafield>
  <datafield tag="700" ind1="1" ind2=" ">
   <subfield code="a">Nagabhushan, P.</subfield>
   <subfield code="e">editor.</subfield>
   <subfield code="4">edt</subfield>
   <subfield code="4">http://id.loc.gov/vocabulary/relators/edt</subfield>
  </datafield>
  <datafield tag="710" ind1="2" ind2=" ">
   <subfield code="a">SpringerLink (Online service)</subfield>
  </datafield>
  <datafield tag="773" ind1="0" ind2=" ">
   <subfield code="t">Springer Nature eBook</subfield>
  </datafield>
  <datafield tag="776" ind1="0" ind2="8">
   <subfield code="i">Printed edition:</subfield>
   <subfield code="z">9789811610912</subfield>
  </datafield>
  <datafield tag="776" ind1="0" ind2="8">
   <subfield code="i">Printed edition:</subfield>
   <subfield code="z">9789811610936</subfield>
  </datafield>
  <datafield tag="830" ind1=" " ind2="0">
   <subfield code="a">Communications in Computer and Information Science,</subfield>
   <subfield code="x">1865-0929 ;</subfield>
   <subfield code="v">1377</subfield>
  </datafield>
  <datafield tag="856" ind1="4" ind2="0">
   <subfield code="u">https://doi.org/10.1007/978-981-16-1092-9</subfield>
  </datafield>
  <datafield tag="912" ind1=" " ind2=" ">
   <subfield code="a">ZDB-2-SCS</subfield>
  </datafield>
  <datafield tag="912" ind1=" " ind2=" ">
   <subfield code="a">ZDB-2-SXCS</subfield>
  </datafield>
  <datafield tag="950" ind1=" " ind2=" ">
   <subfield code="a">Computer Science (SpringerNature-11645)</subfield>
  </datafield>
  <datafield tag="950" ind1=" " ind2=" ">
   <subfield code="a">Computer Science (R0) (SpringerNature-43710)</subfield>
  </datafield>
 </record>
</collection>
